[Event "ECU-ch"]
[Site "Quito"]
[Date "2023.06.24"]
[Round "6"]
[White "Navas Tonato, Miguel Andres"]
[Black "Sanchez Muyulema, Anderson Isaac"]
[Result "1/2-1/2"]
[WhiteElo "1593"]
[BlackElo "1320"]
[PlyCount "119"]
[EventDate "2023.06.21"]
[EventType "swiss"]
[EventRounds "9"]
[EventCountry "ECU"]
[SourceTitle "CBM 215 Extra"]
[Source "ChessBase"]
[SourceDate "2023.09.30"]
[SourceVersion "1"]
[SourceVersionDate "2023.09.30"]
[SourceQuality "1"]

1. f4 d5 2. g3 c5 3. Bg2 Nc6 4. Nf3 Nf6 5. d3 e6 6. Nc3 Be7 7. a4 a6 8. 0-0 d4 9. Nb1 0-0 10. Na3 Nd5 11. Nc4 Bd7 12. Nfe5 Nxe5 13. Nxe5 f6 14. Nc4 b5 15. axb5 axb5 16. Rxa8 Qxa8 17. Nb6 Qb7 18. Nxd7 Qxd7 19. Re1 e5 20. Bxd5+ Qxd5 21. e4 Qc6 22. Qh5 Bd6 23. Qg4 Qc8 24. f5 Kh8 25. Qe2 c4 26. g4 cxd3 27. Qxd3 Qc4 28. Qxc4 bxc4 29. Kf2 Rd8 30. g5 Bc5 31. gxf6 gxf6 32. Kf3 d3 33. Rd1 Rd4 34. cxd3 cxd3 35. Be3 Rc4 36. Rxd3 Bxe3 37. Kxe3 h5 38. h4 Rc2 39. b4 Rb2 40. Rd8+ Kg7 41. Rb8 Rb3+ 42. Kd2 Rh3 43. b5 Rxh4 44. Kd3 Rh3+ 45. Kc4 Re3 46. Rb7+ Kh6 47. Kd5 h4 48. Rf7 Kg5 49. b6 h3 50. Rh7 Kg4 51. Rh6 Kf4 52. Rxf6 Rxe4 53. Rh6 Kxf5 54. Rxh3 Rb4 55. Rf3+ Kg4 56. Rf6 e4 57. Kc5 Rb1 58. Rf8 e3 59. Kc6 e2 60. b7 1/2-1/2

[Event "ECU-chT U20"]
[Site "Carpuela"]
[Date "2014.05.05"]
[Round "5.5"]
[White "Navas Tonato, Miguel Andres"]
[Black "Esmeraldas Huachi, Freddy Alex"]
[Result "1-0"]
[WhiteElo "1644"]
[BlackElo "1467"]
[PlyCount "53"]
[EventDate "2014.05.03"]
[EventType "team-swiss"]
[EventRounds "7"]
[EventCountry "ECU"]
[SourceTitle "CBM 160 Extra"]
[Source "ChessBase"]
[SourceDate "2014.07.01"]
[SourceVersion "1"]
[SourceVersionDate "2014.07.01"]
[SourceQuality "1"]
[WhiteTeam "Cotopaxi"]
[BlackTeam "Sucumbios"]
[WhiteTeamCountry "ECU"]
[BlackTeamCountry "ECU"]

1. e4 d6 2. d4 g6 3. Nf3 Bg7 4. Bc4 c5 5. Nc3 Bg4 6. dxc5 Qa5 7. Bb5+ Bd7 8. Bxd7+ Nxd7 9. Bd2 Qxc5 10. 0-0 Ngf6 11. Re1 0-0 12. Rb1 a6 13. Bg5 e6 14. Bxf6 Nxf6 15. e5 Ng4 16. Ne4 Qb6 17. exd6 f5 18. Nfg5 Bd4 19. Nh3 h5 20. c3 Be5 21. Neg5 Bxh2+ 22. Kh1 Rfd8 23. Rxe6 Rxd6 24. Rxd6 Qxd6 25. Qb3+ Kg7 26. Qf7+ Kh6 27. Qh7# 1-0

[Event "ECU-chT U20"]
[Site "Carpuela"]
[Date "2014.05.05"]
[Round "6.5"]
[White "Robles Loaiza, Alberto Alexand"]
[Black "Navas Tonato, Miguel Andres"]
[Result "1-0"]
[WhiteElo "1448"]
[BlackElo "1644"]
[PlyCount "23"]
[EventDate "2014.05.03"]
[EventType "team-swiss"]
[EventRounds "7"]
[EventCountry "ECU"]
[SourceTitle "CBM 160 Extra"]
[Source "ChessBase"]
[SourceDate "2014.07.01"]
[SourceVersion "1"]
[SourceVersionDate "2014.07.01"]
[SourceQuality "1"]
[WhiteTeam "El Oro"]
[BlackTeam "Cotopaxi"]
[WhiteTeamCountry "ECU"]
[BlackTeamCountry "ECU"]

1. e4 e5 2. Nf3 Nc6 3. Bb5 a6 4. Ba4 Bc5 5. c3 d6 6. 0-0 Bg4 7. d4 exd4 8. cxd4 Bxf3 9. gxf3 Ba7 10. d5 b5 11. dxc6 bxa4 12. Qxa4 1-0